00727nam a2200205 a 450000100100000000500170001000800410002702000150006804000250008308200220010810000230013024500840015325000110023726000400024830000290028849000300031783000370034795201200038499900170050400003549520200930074402.0111102s1987 sp a 000 0 spa d a8432956120 aDO-SdBNPbspacBNPHU axxxxbC837s, 19891 aCosta, Joan96136810aSeñalética :bde la señalización al diseño de programa /cJoan Costa. a2a ed. aBarcelona :bEdiciones Ceac,c1987. a256 p. :bils. ;c26 cm.1 aEnciclopedia del diseño 0aEnciclopedia del diseño961369 001050718MOaGRbGRcCTd2011-11-02iLF1l0oxxxx C837s, 1989p35495-10r2020-06-25w2020-06-25y1ZNo se presta c34986d34986